NFL Team Most Wins - Statistics

General Stats
  • This quiz has been taken 44 times
  • The average score is 5 of 33
Answer Stats
Team Wins Player % Correct
NEP 219 Tom Brady
97%
NYG 118 Eli Manning
51%
PIT 166 Ben Roethlisberger
49%
DEN 149 John Elway
43%
MIA 147 Dan Marino
35%
JAX 93 Jimmy Smith
35%
SFF 161 Jerry Rice
32%
NOS 142 Drew Brees
27%
WAS 162 Darrell Green
22%
BUF 127 Andre Reed
19%
ATL 120 Matt Ryan
16%
ARI 125 Larry Fitzgerald
14%
LAC 131 Antonio Gates
11%
GBP 166 Mason Crosby
11%
SEA 108 Bobby Wagner
5%
TEN 146 Bruce Matthews
5%
IND 143 Reggie Wayne
5%
BAL 154 Sam Koch
5%
LVR 155 Gene Upshaw
3%
LAR 137 Jackie Slater
3%
DET 119 Jason Hanson
3%
DAL 142 Jason Witten
3%
MIN 151 Jim Marshall
3%
CAR 105 J.J. Jansen
3%
SEA 108 Joe Nash
3%
CIN 107 Ken Riley
3%
TBB 120 Ronde Barber
3%
KAN 131 Will Shields
3%
PHI 116 David Akers
0%
HOU 103 Jon Weeks
0%
CLE 144 Lou Groza
0%
NYJ 110 Pat Leahy
0%
CHI 125 Patrick Mannelly
0%
No matching quizzes found
Score Distribution
Percent of People with Each Score
Percentile by Number Answered
Your Score History
You have not taken this quiz